The Simpsons Character Quiz - Statistics

General Stats
  • This quiz has been taken 35 times
    22 since last reset
  • The average score is 16 of 21
Answer Stats
Picture Answer % Correct
Bart Simpson
100%
Homer Simpson
100%
Lisa Simpson
100%
Maggie Simpson
100%
Marge Simpson
100%
Milhouse Van Houten
100%
Charles Montgomery Burns
93%
Ned Flanders
93%
Abe "Grampa" Simpson
86%
Waylon Smithers
86%
Herschel Krustofsky
79%
Lenny Leonard
79%
Todd Flanders
64%
Kirk Van Houten
57%
Maude Flanders
57%
Ralph Wiggum
57%
Barney Gumble
50%
Carl Carlson
50%
Clancy Wiggum
50%
Rod Flanders
50%
Moe Syslak
21%
No matching quizzes found
Score Distribution
Percent of People with Each Score
Percentile by Number Answered
Your Score History
You have not taken this quiz since the last reset